10 Schauspieler mit dem meisten Vermögen (2025) - Statistiken

Allgemein
  • Dieses Quiz wurde 81 mal gespielt
  • Das Durchschnittsergebnis liegt bei 5 aus 10
Antwortstatistiken
Vermögen 💲 Bsp. Film Schauspieler % Korrekt
1.490 Mio. •Terminator Arnold Schwarzenegger
84%
891 Mio. •Mission: Impossible Tom Cruise
79%
572 Mio. •Forrest Gump Tom Hanks
76%
1.190 Mio. •Fast-&-Furious Dwayne Johnson
66%
594 Mio. •Interview mit einem Vampir Brad Pitt
45%
735 Mio. •Taxi Driver Robert De Niro
41%
590 Mio. •Einer flog über das Kuckucksnest Jack Nicholson
29%
557 Mio. •Die Schlange im Schatten des Adlers Jackie Chan
14%
743 Mio. •Syriana George Clooney
13%
877 Mio. •Kuch Kuch Hota Hai Shah Rukh Khan
9%
Keine übereinstimmenden Quizze gefunden
Verteilung der Resultate
Anzahl Personen mit jedem Resultat
Perzentil nach korrekt beantworteten Fragen
Ihre Resultats-Entwicklung
Sie haben dieses Quiz noch nicht gespielt